[Event "Woerishofen sen 2016"]
[Site "Bad Woerishofen"]
[Date "2016.03.01"]
[Round "5.16"]
[White "Oppermann, Peter"]
[Black "Lange, Manfred"]
[Result "1/2-1/2"]
[WhiteElo "1933"]
[BlackElo "2098"]
[PlyCount "38"]
[EventDate "2016.02.26"]
[EventType "swiss"]
[EventCountry "GER"]
[WhiteTeam "Harzburg Bad SK"]
[BlackTeam "Wuerzburg SV"]
[WhiteTeamCountry "GER"]
[BlackTeamCountry "GER"]

1. d4 d5 2. Nf3 Nf6 3. e3 c5 4. b3 Nc6 5. Bb2 cxd4 6. exd4 Bf5 7. Nbd2 Nb4 8.
Bb5+ Nd7 9. Ne5 Nxc2+ 10. Kf1 Nxa1 11. Qf3 f6 12. Qxf5 fxe5 13. Nf3 Qc7 14.
Nxe5 O-O-O 15. Nxd7 Rxd7 16. Bxd7+ Qxd7 17. Qxd7+ Kxd7 18. Bxa1 e6 19. Ke2 Ba3
1/2-1/2

[Event "Woerishofen sen 2016"]
[Site "Bad Woerishofen"]
[Date "2016.03.01"]
[Round "5.17"]
[White "Braun, Erhard"]
[Black "Rahn, Oskar"]
[Result "1/2-1/2"]
[WhiteElo "1932"]
[BlackElo "2091"]
[PlyCount "27"]
[EventDate "2016.02.26"]
[EventType "swiss"]
[EventCountry "GER"]
[WhiteTeam "Heusweiler SC"]
[BlackTeam "Frankenthal SK"]
[WhiteTeamCountry "GER"]
[BlackTeamCountry "GER"]

1. e4 e5 2. Nf3 Nc6 3. d4 exd4 4. Bc4 Be7 5. O-O d6 6. c3 Nf6 7. Re1 O-O 8.
cxd4 d5 9. exd5 Nxd5 10. Ne5 Nxe5 11. dxe5 Be6 12. Bxd5 Qxd5 13. Qxd5 Bxd5 14.
Nc3 1/2-1/2

[Event "Woerishofen sen 2016"]
[Site "Bad Woerishofen"]
[Date "2016.03.01"]
[Round "5.18"]
[White "Glatthor, Thomas"]
[Black "Abegg, Beat"]
[Result "1-0"]
[WhiteElo "2071"]
[BlackElo "1914"]
[PlyCount "35"]
[EventDate "2016.02.26"]
[EventType "swiss"]
[EventCountry "GER"]
[WhiteTeam "Hermsdorf VfB"]
[BlackTeam "SUI"]
[WhiteTeamCountry "GER"]
[BlackTeamCountry "SUI"]

1. d4 d5 2. c4 c6 3. Nf3 Nf6 4. g3 g6 5. Bg2 Bg7 6. O-O O-O 7. Nc3 e6 8. b3 Re8
9. Bb2 Nbd7 10. Ne5 Nxe5 11. dxe5 Ng4 12. e4 Nxe5 13. exd5 exd5 14. cxd5 cxd5
15. Qxd5 Qxd5 16. Nxd5 Rb8 17. Ba3 Bf8 18. Nf6+ 1-0

[Event "Woerishofen sen 2016"]
[Site "Bad Woerishofen"]
[Date "2016.03.01"]
[Round "5.19"]
[White "Villing, Dieter"]
[Black "Trefzer, Erhard"]
[Result "1-0"]
[WhiteElo "2055"]
[BlackElo "1897"]
[PlyCount "69"]
[EventDate "2016.02.26"]
[EventType "swiss"]
[EventCountry "GER"]
[WhiteTeam "Ludwigshafen SK"]
[BlackTeam "Besigheim SV"]
[WhiteTeamCountry "GER"]
[BlackTeamCountry "GER"]

1. e4 e5 2. Nf3 Nc6 3. Nc3 Nf6 4. d4 exd4 5. Nxd4 Bb4 6. Nxc6 bxc6 7. Bd3 d5 8.
e5 d4 9. a3 Bxc3+ 10. bxc3 Ng4 11. Bf4 Nh6 12. Be4 O-O 13. Bxh6 gxh6 14. Qxd4
Qg5 15. f4 Qe7 16. O-O Rd8 17. Qb4 Qe6 18. Qc5 Ba6 19. Rf3 Rd2 20. f5 Qd7 21.
Re1 Rd1 22. Qe3 Rd8 23. e6 Qd6 24. Rg3+ Kh8 25. Bd3 Rxe1+ 26. Qxe1 Qc5+ 27. Qf2
Qxa3 28. Re3 Bxd3 29. cxd3 Qxc3 30. e7 Re8 31. f6 a5 32. Re2 Qa1+ 33. Qf1 Qd4+
34. Kh1 Rb8 35. Qe1 1-0

[Event "Woerishofen sen 2016"]
[Site "Bad Woerishofen"]
[Date "2016.03.01"]
[Round "5.20"]
[White "Lainburg, Viktor"]
[Black "Zerweck, Christoph"]
[Result "1-0"]
[WhiteElo "2033"]
[BlackElo "1890"]
[PlyCount "63"]
[EventDate "2016.02.26"]
[EventType "swiss"]
[EventCountry "GER"]
[WhiteTeam "Ulm SC Weisse Dame"]
[BlackTeam "Herrenberg SV"]
[WhiteTeamCountry "GER"]
[BlackTeamCountry "GER"]

1. d4 d5 2. Bg5 h6 3. Bh4 c6 4. e3 Qb6 5. Qc1 e5 6. c3 Nd7 7. Bg3 Bd6 8. Nd2
Bb8 9. Ne2 Ngf6 10. c4 O-O 11. Qc2 Re8 12. O-O-O c5 13. dxe5 Bxe5 14. cxd5 Nxd5
15. Nc4 Qe6 16. Bxe5 Nb4 17. Qb3 Nxe5 18. Nf4 Qe7 19. Nxe5 Qxe5 20. Bc4 Be6 21.
Nxe6 fxe6 22. a3 Nc6 23. Qc2 b5 24. Bxb5 Rac8 25. Bxc6 Rxc6 26. g3 c4 27. Rd4
c3 28. b4 a5 29. Rhd1 Kf7 30. Rd8 Ra6 31. R1d7+ Kf6 32. Rxe8 1-0

[Event "Woerishofen sen 2016"]
[Site "Bad Woerishofen"]
[Date "2016.03.01"]
[Round "5.21"]
[White "Blosze, Winfried"]
[Black "Harsch, Martin"]
[Result "1/2-1/2"]
[WhiteElo "1846"]
[BlackElo "2029"]
[PlyCount "131"]
[EventDate "2016.02.26"]
[EventType "swiss"]
[EventCountry "GER"]
[WhiteTeam "Grossauheim SV"]
[BlackTeam "SUI"]
[WhiteTeamCountry "GER"]
[BlackTeamCountry "SUI"]

1. e4 c6 2. d4 d5 3. e5 Bf5 4. Bd3 Bxd3 5. Qxd3 e6 6. Nf3 Qa5+ 7. Bd2 Qa6 8.
Qxa6 Nxa6 9. a3 c5 10. Nc3 cxd4 11. Nxd4 Ne7 12. b4 Nc6 13. Nf3 Nc7 14. O-O h6
15. Be3 g5 16. b5 Na5 17. b6 axb6 18. Bxb6 Kd7 19. Rfb1 Nc4 20. a4 Be7 21. Bd4
Rhb8 22. h3 Na6 23. Rb3 Nc5 24. Rb5 b6 25. Kf1 Kc6 26. Ke2 Nd7 27. Kd3 Ra6 28.
Re1 Rba8 29. Rb3 Bc5 30. g3 Kc7 31. Nb5+ Kd8 32. Rbb1 Rxa4 33. Bxc5 Nxc5+ 34.
Ke2 Ra2 35. Rec1 Ne4 36. Rb3 Kd7 37. Nc3 Nxc3+ 38. Rxc3 R2a3 39. Rxa3 Rxa3 40.
c3 Ra2+ 41. Kf1 Kc7 42. Kg1 Kb7 43. Rb1 Ka6 44. Rb3 Ka5 45. Rb1 Ka4 46. Nd4
Nxe5 47. Rxb6 Ka5 48. Rb7 Ka6 49. Rb3 Nc4 50. Nc6 Re2 51. Rb8 Nd6 52. Rh8 Ne4
53. Rxh6 Rxf2 54. g4 Rf3 55. Ne5 Rf4 56. Nd3 Rf6 57. Rxf6 Nxf6 58. Ne5 Ne4 59.
Nxf7 Kb5 60. Nd8 Kc4 61. Nxe6 Kxc3 62. Kg2 Kd3 63. h4 gxh4 64. Nf4+ Kd4 65.
Nxd5 Kxd5 66. Kh3 1/2-1/2

[Event "Woerishofen sen 2016"]
[Site "Bad Woerishofen"]
[Date "2016.03.01"]
[Round "5.22"]
[White "Braeu, Ludwig"]
[Black "Spurga, Josef"]
[Result "1/2-1/2"]
[WhiteElo "1894"]
[BlackElo "2002"]
[PlyCount "95"]
[EventDate "2016.02.26"]
[EventType "swiss"]
[EventCountry "GER"]
[WhiteTeam "Marktoberdorf SK"]
[BlackTeam "Sindelfingen VfL"]
[WhiteTeamCountry "GER"]
[BlackTeamCountry "GER"]

1. c4 e6 2. g3 d5 3. Bg2 Nf6 4. Nf3 c6 5. b3 Nbd7 6. Bb2 Be7 7. O-O O-O 8. d3
b6 9. Nbd2 Bb7 10. e4 Qc7 11. e5 Ne8 12. Rc1 Qd8 13. Re1 Rc8 14. Qe2 Nc5 15.
Bd4 g6 16. Rb1 Ng7 17. Ba1 Qd7 18. b4 Na6 19. b5 cxb5 20. cxb5 Nb4 21. a4 Nc2
22. Red1 Nxa1 23. Rxa1 Nf5 24. g4 Nh4 25. Nxh4 Bxh4 26. Nf3 Be7 27. Nd4 Bb4 28.
Rac1 Rxc1 29. Rxc1 Rc8 30. Qb2 Bc5 31. Nb3 Be7 32. Rxc8+ Qxc8 33. Qc1 Qxc1+ 34.
Nxc1 Ba3 35. Nb3 Bb2 36. f4 a6 37. d4 axb5 38. axb5 h6 39. Kf2 Kg7 40. Bf1 f6
41. h4 Bc8 42. Bd3 Ba3 43. Ke3 Be7 44. h5 f5 45. Kf3 Bd7 46. gxf5 exf5 47. hxg6
Kxg6 48. Kg3 1/2-1/2

[Event "Woerishofen sen 2016"]
[Site "Bad Woerishofen"]
[Date "2016.03.01"]
[Round "5.23"]
[White "Macher, Claus"]
[Black "Stokes, Paul C"]
[Result "1/2-1/2"]
[WhiteElo "1999"]
[BlackElo "1850"]
[PlyCount "52"]
[EventDate "2016.02.26"]
[EventType "swiss"]
[EventCountry "GER"]
[WhiteTeam "Ammerbuch SF"]
[BlackTeam "ENG"]
[WhiteTeamCountry "GER"]
[BlackTeamCountry "ENG"]

1. d4 Nf6 2. c4 e6 3. Nf3 Bb4+ 4. Bd2 a5 5. a3 Bxd2+ 6. Nbxd2 d6 7. e4 O-O 8.
Bd3 Nc6 9. O-O e5 10. d5 Ne7 11. Nh4 Ng6 12. Nxg6 hxg6 13. f4 Ng4 14. Qe2 exf4
15. Rxf4 Ne5 16. Bc2 Qe7 17. Rff1 Bg4 18. Nf3 Qg5 19. Kh1 Qh5 20. b3 f6 21. Qe3
Bxf3 22. gxf3 Kf7 23. Ra2 Rh8 24. Bd1 Qh3 25. Qf2 Nd3 26. Qg2 Nf4 1/2-1/2

[Event "Woerishofen sen 2016"]
[Site "Bad Woerishofen"]
[Date "2016.03.01"]
[Round "5.24"]
[White "Engbrecht, Helmut"]
[Black "Rueggeberg, Wilhelm"]
[Result "1/2-1/2"]
[WhiteElo "1980"]
[BlackElo "1843"]
[PlyCount "100"]
[EventDate "2016.02.26"]
[EventType "swiss"]
[EventCountry "GER"]
[WhiteTeam "Schorndorf SV"]
[BlackTeam "Saarburg Trier SF"]
[WhiteTeamCountry "GER"]
[BlackTeamCountry "GER"]

1. e4 c5 2. Nc3 Nc6 3. Nf3 d6 4. Bb5 Bd7 5. Bxc6 Bxc6 6. d4 cxd4 7. Qxd4 Nf6 8.
Bg5 Qb6 9. Qxb6 axb6 10. Bxf6 gxf6 11. O-O-O Rg8 12. Rhg1 b5 13. Kb1 Rg4 14.
Nd4 Ra5 15. f3 Rg6 16. b4 Ra6 17. Ndxb5 Bxb5 18. Nxb5 Rc6 19. Kb2 Bh6 20. g4
Bf4 21. h4 Kd7 22. Kb3 Rg8 23. a4 Rgc8 24. c3 h6 25. Rd3 Ra8 26. c4 Be5 27. Nd4
Rca6 28. Ra1 e6 29. Ra2 Bxd4 30. Rxd4 Ke7 31. h5 b6 32. Rdd2 R6a7 33. f4 Rg8
34. Rg2 Raa8 35. a5 bxa5 36. Rxa5 Rxa5 37. bxa5 Kd7 38. Kc3 Kc6 39. Kd4 e5+ 40.
fxe5 fxe5+ 41. Kc3 Kc5 42. a6 Kb6 43. Rd2 Rd8 44. Rd5 Kxa6 45. c5 Kb7 46. Rxd6
Rxd6 47. cxd6 f6 48. Kc4 Kc6 49. d7 Kxd7 50. Kd5 Ke7 1/2-1/2

[Event "Woerishofen sen 2016"]
[Site "Bad Woerishofen"]
[Date "2016.03.01"]
[Round "5.25"]
[White "Mircoli, Filippo"]
[Black "Schmidt, Eugen"]
[Result "0-1"]
[WhiteElo "1611"]
[BlackElo "1969"]
[PlyCount "118"]
[EventDate "2016.02.26"]
[EventType "swiss"]
[EventCountry "GER"]
[WhiteTeam "ITA"]
[BlackTeam "Oos SF"]
[WhiteTeamCountry "ITA"]
[BlackTeamCountry "GER"]

1. d4 g6 2. c4 Bg7 3. Nc3 Nf6 4. e3 d6 5. Bd3 c6 6. Nge2 e5 7. Qc2 O-O 8. O-O
Nbd7 9. f4 Re8 10. f5 d5 11. cxd5 cxd5 12. fxg6 fxg6 13. e4 dxe4 14. Nxe4 Nxe4
15. Qc4+ Kh8 16. Bxe4 Nb6 17. Qd3 Be6 18. dxe5 Qxd3 19. Bxd3 Bxe5 20. Bg5 Bxb2
21. Bf6+ Bxf6 22. Rxf6 Nd5 23. Rf2 Rf8 24. Be4 Rxf2 25. Kxf2 Rf8+ 26. Kg3 b6
27. Nd4 Bg8 28. Rc1 Rd8 29. Nf3 Nf6 30. Bb1 Kg7 31. Rc7+ Rd7 32. Rc1 Re7 33. h3
Nh5+ 34. Kf2 Nf4 35. Rc2 Nd3+ 36. Kg3 Nc5 37. Rd2 Bf7 38. Ng5 Be8 39. Bc2 h6
40. Nf3 Bc6 41. Rd4 Ne4+ 42. Kh2 Nc3 43. Rd6 Be4 44. Bb3 Bxf3 45. gxf3 Nb5 46.
Rd8 h5 47. Kg3 Nc7 48. Rd6 Ne8 49. Rd8 Nf6 50. Kf4 Rd7 51. Rxd7+ Nxd7 52. Kg5
Ne5 53. Bd5 Nf7+ 54. Kh4 Kf6 55. f4 Nd6 56. Kg3 b5 57. a3 a5 58. Kf3 Nc4 59. a4
Nb6 0-1

[Event "Woerishofen sen 2016"]
[Site "Bad Woerishofen"]
[Date "2016.03.01"]
[Round "5.26"]
[White "Oud, Niek"]
[Black "Schnell, Franz"]
[Result "1-0"]
[WhiteElo "1952"]
[BlackElo "1762"]
[PlyCount "41"]
[EventDate "2016.02.26"]
[EventType "swiss"]
[EventCountry "GER"]
[WhiteTeam "NED"]
[BlackTeam "Trossingen SV"]
[WhiteTeamCountry "NED"]
[BlackTeamCountry "GER"]

1. d4 d5 2. c4 Bf5 3. Nc3 dxc4 4. e4 Bg6 5. Bxc4 e6 6. Nf3 Bb4 7. Qa4+ Nc6 8.
d5 Bxc3+ 9. bxc3 exd5 10. exd5 Qe7+ 11. Be3 Nf6 12. dxc6 b6 13. O-O O-O 14.
Rfe1 Qe4 15. Bc5 Qg4 16. Bxf8 Kxf8 17. Ne5 Qf5 18. Nxg6+ hxg6 19. Re3 Ng4 20.
Rf3 Qh5 21. Rxf7+ 1-0

[Event "Woerishofen sen 2016"]
[Site "Bad Woerishofen"]
[Date "2016.03.01"]
[Round "5.27"]
[White "Daeubler, Heinrich"]
[Black "Boldt, Heinrich"]
[Result "1-0"]
[WhiteElo "2159"]
[BlackElo "1862"]
[PlyCount "65"]
[EventDate "2016.02.26"]
[EventType "swiss"]
[EventCountry "GER"]
[WhiteTeam "Haselmuehl SC"]
[BlackTeam "Kareth Lappersdorf TSV"]
[WhiteTeamCountry "GER"]
[BlackTeamCountry "GER"]

1. d4 d6 2. c4 Nf6 3. Nc3 g6 4. e4 Bg7 5. Nge2 O-O 6. Ng3 Nbd7 7. Be2 e5 8. d5
a5 9. h4 h5 10. Bg5 Qe8 11. Nb5 Qd8 12. Bxh5 c6 13. dxc6 bxc6 14. Nxd6 Qb6 15.
Be2 Qxb2 16. O-O Nc5 17. Be3 Nfd7 18. Bg4 Rd8 19. Nxf7 Kxf7 20. Bxc5 Qb7 21.
Qd6 Nxc5 22. Qxd8 Bxg4 23. Qg5 Qd7 24. f3 Qd4+ 25. Kh2 Be6 26. h5 Bf6 27. Qxg6+
Ke7 28. Qh7+ Kd6 29. Rfd1 Nd3 30. Qg6 Rf8 31. Qh7 Bh4 32. Ne2 Qe3 33. c5+ 1-0

[Event "Woerishofen sen 2016"]
[Site "Bad Woerishofen"]
[Date "2016.03.01"]
[Round "5.28"]
[White "Erhart, Uwe"]
[Black "Weyand, Fernand"]
[Result "1/2-1/2"]
[WhiteElo "2079"]
[BlackElo "1788"]
[PlyCount "55"]
[EventDate "2016.02.26"]
[EventType "swiss"]
[EventCountry "GER"]
[WhiteTeam "Raisdorfer SG"]
[BlackTeam "Saarbruecken SVG"]
[WhiteTeamCountry "GER"]
[BlackTeamCountry "GER"]

1. e4 c6 2. d4 d5 3. e5 c5 4. c3 Nc6 5. Be3 cxd4 6. cxd4 Bf5 7. Nc3 e6 8. a3 a6
9. Bd3 Bxd3 10. Qxd3 Nge7 11. Nge2 Nf5 12. O-O Be7 13. Bf4 Bg5 14. Bxg5 Qxg5
15. b4 b5 16. Rac1 Kd7 17. f4 Qg6 18. Rfd1 Nh4 19. Qh3 Nf5 20. Qd3 Nh4 21. g3
Qxd3 22. Rxd3 Nf5 23. Nd1 h5 24. Ne3 Nfe7 25. Rc5 Rhb8 26. f5 a5 27. bxa5 Nxa5
28. Nc3 1/2-1/2

[Event "Woerishofen sen 2016"]
[Site "Bad Woerishofen"]
[Date "2016.03.01"]
[Round "5.29"]
[White "Dietl, Robert"]
[Black "Klempt, Guenter"]
[Result "1/2-1/2"]
[WhiteElo "1855"]
[BlackElo "2039"]
[PlyCount "105"]
[EventDate "2016.02.26"]
[EventType "swiss"]
[EventCountry "GER"]
[WhiteTeam "Koenigsbrunn SK"]
[BlackTeam "Bochumer SV"]
[WhiteTeamCountry "GER"]
[BlackTeamCountry "GER"]

1. e4 c5 2. Nf3 Nc6 3. Bb5 d6 4. O-O Bd7 5. Re1 g6 6. c3 Bg7 7. d4 cxd4 8. cxd4
a6 9. Bf1 Qb6 10. e5 dxe5 11. dxe5 e6 12. Nc3 Nge7 13. b3 Rd8 14. Bb2 O-O 15.
Qe2 Nb4 16. Rad1 Bc6 17. Ba3 Rfe8 18. Rxd8 Rxd8 19. Qc4 Ned5 20. Nxd5 Nxd5 21.
Bc5 Qa5 22. b4 Qa4 23. Qh4 Rc8 24. Bc4 Qc2 25. Bb3 Qc3 26. Qd4 Qxd4 27. Nxd4 b6
28. Nxc6 Rxc6 29. Ba4 Rc8 30. Bd6 Nc3 31. Bb3 Nb5 32. g3 Nxd6 33. exd6 Rd8 34.
Rd1 Be5 35. d7 Kf8 36. a4 Ke7 37. Bc4 Rxd7 38. Rxd7+ Kxd7 39. Bxa6 Bc3 40. a5
bxa5 41. bxa5 Bxa5 42. g4 Kd6 43. Kg2 Ke5 44. Kf3 f5 45. h3 Bb6 46. gxf5 exf5
47. Bc4 g5 48. Bf7 h6 49. Be8 Kd4 50. Bg6 Ke5 51. Be8 Bxf2 52. Kxf2 Kf4 53. Bf7
1/2-1/2

[Event "Woerishofen sen 2016"]
[Site "Bad Woerishofen"]
[Date "2016.03.01"]
[Round "5.30"]
[White "Klimpel, Siegfried"]
[Black "Walther, Reinhard"]
[Result "0-1"]
[WhiteElo "1855"]
[BlackElo "2039"]
[PlyCount "60"]
[EventDate "2016.02.26"]
[EventType "swiss"]
[EventCountry "GER"]
[WhiteTeam "Kareth Lappersdorf TSV"]
[BlackTeam "Herzogenaurach SK"]
[WhiteTeamCountry "GER"]
[BlackTeamCountry "GER"]

1. e4 e5 2. Nf3 d5 3. Nxe5 Bd6 4. d4 dxe4 5. Nc3 Nf6 6. Be2 Be6 7. Nc4 O-O 8.
Nxd6 Qxd6 9. Bg5 Nbd7 10. Qd2 c6 11. O-O b5 12. Bf4 Qe7 13. Bg5 b4 14. Nd1 h6
15. Bh4 Rfe8 16. Ne3 Nf8 17. Bg3 Red8 18. c3 c5 19. f4 Nd5 20. Nxd5 Rxd5 21.
Bc4 Rd7 22. Bb5 Rdd8 23. f5 Bd7 24. Bc4 Nh7 25. Be5 bxc3 26. bxc3 cxd4 27. cxd4
Bc6 28. Rac1 Qxe5 29. Bxf7+ Kxf7 30. Rxc6 Qxd4+ 0-1

[Event "Woerishofen sen 2016"]
[Site "Bad Woerishofen"]
[Date "2016.03.01"]
[Round "5.31"]
[White "Hansch, Klaus Michael"]
[Black "Krotofil, Kurt"]
[Result "1-0"]
[WhiteElo "1850"]
[BlackElo "1987"]
[PlyCount "91"]
[EventDate "2016.02.26"]
[EventType "swiss"]
[EventCountry "GER"]
[WhiteTeam "Berlin SC WD"]
[BlackTeam "Niendorfer TSV"]
[WhiteTeamCountry "GER"]
[BlackTeamCountry "GER"]

1. d4 Nf6 2. Nc3 d5 3. Bg5 Nbd7 4. f3 c6 5. e4 dxe4 6. fxe4 Qa5 7. Bd2 Qb6 8.
e5 Nd5 9. Nxd5 cxd5 10. Bc1 g6 11. Nf3 Bg7 12. c4 dxc4 13. Qc2 O-O 14. Bxc4 Kh8
15. Be3 Nxe5 16. Nxe5 Bxe5 17. dxe5 Qxe3+ 18. Qe2 Qxe2+ 19. Kxe2 Bg4+ 20. Ke3
Rac8 21. Bb3 Rc5 22. Rac1 Rfc8 23. Rxc5 Rxc5 24. Kd4 Rc8 25. Bxf7 Rc2 26. h3
Bd7 27. b4 e6 28. Ke3 Rxa2 29. Rd1 Bc6 30. Bxe6 Rxg2 31. Kd4 Re2 32. Bd5 Bxd5
33. Kxd5 Kg7 34. Ke6 Re3 35. Rd7+ Kh6 36. Rxb7 a6 37. Ra7 Rb3 38. Rxa6 Rxb4 39.
Kf6 Rf4+ 40. Ke7 Kg5 41. e6 Kh4 42. Ke8 Re4 43. e7 Kxh3 44. Kf7 Rxe7+ 45. Kxe7
h5 46. Kf6 1-0

[Event "Woerishofen sen 2016"]
[Site "Bad Woerishofen"]
[Date "2016.03.01"]
[Round "5.32"]
[White "Di Lazzaro, Gabriele"]
[Black "Roth, Heinz Georg"]
[Result "1-0"]
[WhiteElo "1970"]
[BlackElo "1823"]
[PlyCount "63"]
[EventDate "2016.02.26"]
[EventType "swiss"]
[EventCountry "GER"]
[WhiteTeam "ITA"]
[BlackTeam "Lindau SC"]
[WhiteTeamCountry "ITA"]
[BlackTeamCountry "GER"]

1. d4 Nf6 2. Nc3 d6 3. e4 Nbd7 4. Be3 e5 5. Be2 Be7 6. Qd2 O-O 7. h3 c6 8. Nf3
Qc7 9. O-O Re8 10. a4 a6 11. Bd3 exd4 12. Nxd4 Ne5 13. f4 Nxd3 14. cxd3 Bd7 15.
Rac1 Qc8 16. Kh2 Qd8 17. Qf2 b5 18. axb5 axb5 19. e5 Nh5 20. Qf3 g6 21. Nxc6
Bxc6 22. Qxc6 dxe5 23. Nd5 exf4 24. Bb6 Qd6 25. Nxe7+ Qxe7 26. Rce1 Qf8 27. Bc5
Rxe1 28. Bxf8 Rae8 29. Rxe1 Rxe1 30. Bh6 Ng7 31. Bxg7 Kxg7 32. Qc3+ 1-0

[Event "Woerishofen sen 2016"]
[Site "Bad Woerishofen"]
[Date "2016.03.01"]
[Round "5.33"]
[White "Taufratshofer, Martin"]
[Black "Eigenmann, Christina"]
[Result "1-0"]
[WhiteElo "2009"]
[BlackElo "1759"]
[PlyCount "99"]
[EventDate "2016.02.26"]
[EventType "swiss"]
[EventCountry "GER"]
[WhiteTeam "Oberguenzburg SK"]
[BlackTeam "SUI"]
[WhiteTeamCountry "GER"]
[BlackTeamCountry "SUI"]

1. e4 c6 2. c4 d5 3. cxd5 cxd5 4. exd5 Nf6 5. Bb5+ Nbd7 6. Nc3 g6 7. Nf3 Bg7 8.
O-O O-O 9. Re1 Nb6 10. Qe2 Nbxd5 11. d4 Nxc3 12. bxc3 a6 13. Ba4 b5 14. Bb3 e6
15. Bg5 Qc7 16. Rac1 Bb7 17. Bh4 Ne4 18. c4 bxc4 19. Rxc4 Qb6 20. Be7 Rfc8 21.
Rb4 Qc7 22. Rxb7 Qxb7 23. Ba3 Nc3 24. Qd3 Nb5 25. Bb2 Rd8 26. Qe3 Qa7 27. Ne5
Bxe5 28. Qxe5 Nxd4 29. Re4 Rac8 30. h3 Rc1+ 31. Bxc1 Nxb3 32. axb3 Rd5 33. Qc3
Rc5 34. Rc4 Rxc4 35. bxc4 Qd7 36. Bb2 Qd1+ 37. Kh2 Qd6+ 38. g3 e5 39. c5 Qc6
40. Qxe5 Kf8 41. Qd6+ Qxd6 42. cxd6 Ke8 43. f4 a5 44. g4 Kd7 45. Ba3 a4 46. g5
Kc6 47. Kg3 Kd7 48. Kf3 Ke6 49. Ke4 f5+ 50. gxf6 1-0

[Event "Woerishofen sen 2016"]
[Site "Bad Woerishofen"]
[Date "2016.03.01"]
[Round "5.34"]
[White "Michalowski, Richard"]
[Black "Schwis, Joachim"]
[Result "1/2-1/2"]
[WhiteElo "1803"]
[BlackElo "1967"]
[PlyCount "33"]
[EventDate "2016.02.26"]
[EventType "swiss"]
[EventCountry "GER"]
[WhiteTeam "Konz Karthaus SF"]
[BlackTeam "Koeln SF Ford"]
[WhiteTeamCountry "GER"]
[BlackTeamCountry "GER"]

1. c4 e5 2. Nc3 Nf6 3. a3 d5 4. cxd5 Nxd5 5. g3 g6 6. Bg2 Nb6 7. e3 Bg7 8. Nge2
Nc6 9. d3 O-O 10. O-O Be6 11. b4 Nd5 12. Bb2 Nce7 13. Ne4 c6 14. Nc5 Bc8 15. d4
Qc7 16. Rc1 b6 17. Nd3 1/2-1/2

[Event "Woerishofen sen 2016"]
[Site "Bad Woerishofen"]
[Date "2016.03.01"]
[Round "5.35"]
[White "Plischke, Berthold"]
[Black "Wagner, Gerhard"]
[Result "1-0"]
[WhiteElo "1953"]
[BlackElo "1760"]
[PlyCount "41"]
[EventDate "2016.02.26"]
[EventType "swiss"]
[EventCountry "GER"]
[WhiteTeam "Wesel SV"]
[BlackTeam "Windach SF"]
[WhiteTeamCountry "GER"]
[BlackTeamCountry "GER"]

1. e4 e6 2. d4 d5 3. Nc3 dxe4 4. Nxe4 Nd7 5. Nf3 Ngf6 6. Nxf6+ Nxf6 7. Bg5 c5
8. Bxf6 gxf6 9. Qd2 Qb6 10. O-O-O Be7 11. Bc4 cxd4 12. Nxd4 a6 13. Bb3 Qc7 14.
f4 Bd7 15. Rhe1 Rd8 16. f5 e5 17. Qh6 exd4 18. Qxf6 Qf4+ 19. Kb1 Be6 20. Qxh8+
Bf8 21. fxe6 1-0

[Event "Woerishofen sen 2016"]
[Site "Bad Woerishofen"]
[Date "2016.03.01"]
[Round "5.36"]
[White "Collins, Alan"]
[Black "Reimann, Guenther"]
[Result "1/2-1/2"]
[WhiteElo "1753"]
[BlackElo "1941"]
[PlyCount "73"]
[EventDate "2016.02.26"]
[EventType "swiss"]
[EventCountry "GER"]
[WhiteTeam "ENG"]
[BlackTeam "Magstadt SC"]
[WhiteTeamCountry "ENG"]
[BlackTeamCountry "GER"]

1. c4 e6 2. Nc3 f5 3. g3 Nf6 4. Bg2 c6 5. e3 e5 6. Nge2 d6 7. b4 Qc7 8. a3 Be6
9. d3 Be7 10. O-O O-O 11. Bb2 Nbd7 12. Rc1 Rae8 13. Nb1 Bf7 14. Qa4 a6 15. Qc2
Bg6 16. Qb3 Kh8 17. Nd2 Bf7 18. Qc2 Bh5 19. Nc3 Bg6 20. f3 Bd8 21. Rce1 Qb8 22.
f4 exf4 23. exf4 Qa7+ 24. Kh1 Ng4 25. Nd1 Rxe1 26. Rxe1 Nf2+ 27. Nxf2 Qxf2 28.
Qc1 Bf6 29. Bxf6 Nxf6 30. Nf3 Bh5 31. Rf1 Qb6 32. h3 Re8 33. c5 dxc5 34. Qxc5
Qxc5 35. bxc5 Nd5 36. Ne5 Ne3 37. Rb1 1/2-1/2

[Event "Woerishofen sen 2016"]
[Site "Bad Woerishofen"]
[Date "2016.03.01"]
[Round "5.37"]
[White "Abel, Hans Peter"]
[Black "Hager, Eberhard"]
[Result "1/2-1/2"]
[WhiteElo "1928"]
[BlackElo "1745"]
[PlyCount "66"]
[EventDate "2016.02.26"]
[EventType "swiss"]
[EventCountry "GER"]
[WhiteTeam "Leinfelden SC"]
[BlackTeam "Friedberg SC"]
[WhiteTeamCountry "GER"]
[BlackTeamCountry "GER"]

1. Nf3 Nf6 2. c4 e6 3. d4 d5 4. g3 c6 5. Qc2 Bb4+ 6. Bd2 Bxd2+ 7. Nbxd2 Nbd7 8.
Bg2 O-O 9. O-O Re8 10. Rac1 Nf8 11. Ne5 Ng6 12. Nxg6 hxg6 13. h3 a6 14. a3 e5
15. dxe5 Rxe5 16. cxd5 Nxd5 17. e3 Nf6 18. Rcd1 Qc7 19. Nf3 Re7 20. Rd2 Bf5 21.
Qc1 Rd8 22. Rxd8+ Qxd8 23. Rd1 Qc8 24. Ng5 Nh7 25. e4 Be6 26. Nxh7 Kxh7 27. Qg5
Rd7 28. Re1 Kg8 29. f4 Rd3 30. g4 Qd7 31. Qc5 Rd2 32. Qc3 Rd3 33. Qc5 Rd2
1/2-1/2

[Event "Woerishofen sen 2016"]
[Site "Bad Woerishofen"]
[Date "2016.03.01"]
[Round "5.38"]
[White "Winter, Bernd"]
[Black "Floeren, Ernst"]
[Result "1-0"]
[WhiteElo "1922"]
[BlackElo "1737"]
[PlyCount "135"]
[EventDate "2016.02.26"]
[EventType "swiss"]
[EventCountry "GER"]
[WhiteTeam "Muenchen SK Siemens"]
[BlackTeam "-"]
[WhiteTeamCountry "GER"]

1. e4 e5 2. Nf3 Nc6 3. Bb5 a6 4. Ba4 Nf6 5. Nc3 b5 6. Bb3 Be7 7. O-O d6 8. h3
Na5 9. Re1 Nxb3 10. axb3 Bb7 11. d3 O-O 12. Ne2 Re8 13. Ng3 h6 14. c3 Nh7 15.
Nh2 Bg5 16. Ng4 Bc8 17. Rf1 Bxc1 18. Rxc1 Qg5 19. Ne3 Be6 20. Ngf5 g6 21. h4
Qf6 22. Nxh6+ Kg7 23. Nhg4 Qxh4 24. g3 Qh3 25. Qf3 Bxg4 26. Nxg4 Re6 27. Ne3
Nf6 28. Qg2 Qh6 29. f4 Rd8 30. Rce1 exf4 31. gxf4 Rh8 32. f5 Re5 33. Re2 Qh3
34. Qxh3 Rxh3 35. Kg2 Rh6 36. Rg1 Rh8 37. Kf1 Rh3 38. fxg6 fxg6 39. Nf5+ Kf7
40. Ng3 d5 41. Kg2 Rh8 42. Rf1 Ke7 43. d4 Re6 44. e5 Ng4 45. Rh1 Rxh1 46. Nxh1
Kf7 47. Kg3 Nh6 48. Kf4 Kg7 49. Nf2 Nf5 50. Nd3 Ne7 51. Nc5 Rb6 52. b4 Kf7 53.
e6+ Kg7 54. Kg5 c6 55. Nd7 Rb7 56. Re1 Ra7 57. b3 Ra8 58. Ra1 Nf5 59. Nc5 Nd6
60. Rf1 Rh8 61. Re1 Rh5+ 62. Kg4 Kf6 63. e7 Kf7 64. Re6 Ne8 65. Rxc6 Kxe7 66.
Rxg6 Nf6+ 67. Rxf6 Kxf6 68. Kxh5 1-0